| 000 | 00502nam a2200193Ia 4500 | ||
|---|---|---|---|
| 003 | LK-CoDNM | ||
| 005 | 20241212111310.0 | ||
| 008 | 121026t1999 xxu||||| |||| 00| 0 sin d | ||
| 040 |
_aLK-CoDNM _dLK-CoDNM _eLK-CoDNM |
||
| 041 | _asin | ||
| 080 |
_aX8S1 _bPIY |
||
| 100 | _aRohan Piyadasa | ||
| 245 | _aඅනිච්චං | ||
| 246 | _aAnichchan | ||
| 260 |
_bRohan Piyadasa _aRajagiriya _c1999 |
||
| 300 | _b75p. : 21 cm | ||
| 650 | _aකාව්ය සංග්රහය | ||
| 942 | _cBK | ||
| 999 |
_c74499 _d74499 |
||